[Event "21st Panam-ch"]
[Site "Mar del Plata ARG"]
[Date "2012.10.13"]
[Round "2.68"]
[White "Benedetti, Julio"]
[Black "Brizzi, Milagros Tatiana"]
[Result "1-0"]
[WhiteElo "2117"]
[BlackElo "1839"]
[EventDate "2012.10.12"]
[PlyCount "89"]

1.e4 c5 2.c3 e6 3.Nf3 Nf6 4.e5 Nd5 5.d4 cxd4 6.Qxd4 Nc6 7.Qg4 f5 8.Qg3 Qc7
9.Na3 f4 10.Bxf4 Bxa3 11.bxa3 Nxf4 12.Qxf4 Qa5 13.Rc1 Rf8 14.Qe3 b6 15.Bd3
Ba6 16.O-O Bxd3 17.Qxd3 Nxe5 18.Nxe5 Qxe5 19.Qxh7 O-O-O 20.Qd3 Rh8 21.h3 
g5 22.c4 d6 23.Rfe1 Qf4 24.Rcd1 e5 25.Qd5 Kb8 26.a4 Rhf8 27.Rd2 Kc7 28.a5 
Qf7 29.Qd3 Qf6 30.a4 Ra8 31.Re3 bxa5 32.Qd5 Rfb8 33.Qxa5+ Rb6 34.c5 dxc5 
35.Qxc5+ Rc6 36.Qa5+ Kb7 37.Rxe5 Rc1+ 38.Kh2 Rac8 39.Rd7+ R8c7 40.Qd5+ Rc6
41.Rxc7+ Kxc7 42.Rf5 Qb2 43.Rf7+ Kb6 44.Qxg5 a5 45.Qd8+ 1-0

[Event "21st Panam-ch"]
[Site "Mar del Plata ARG"]
[Date "2012.10.13"]
[Round "2.69"]
[White "Saitta, Jorge"]
[Black "San Martin Basualto, Epiro"]
[Result "0-1"]
[WhiteElo "1847"]
[BlackElo "2114"]
[EventDate "2012.10.12"]
[PlyCount "80"]

1.e4 e6 2.d4 d5 3.e5 c5 4.c3 Nc6 5.Nf3 Bd7 6.Be2 f6 7.O-O fxe5 8.Nxe5 Nxe5
9.dxe5 Qc7 10.f4 Ne7 11.Na3 a6 12.c4 d4 13.Bd3 g6 14.Bd2 O-O-O 15.b4 cxb4 
16.Bxb4 Nf5 17.Qd2 Bxb4 18.Qxb4 Ne3 19.Rf2 g5 20.c5 gxf4 21.Qxd4 Bc6 22.
Qc3 Qd7 23.Bf1 Qd4 24.Qxd4 Rxd4 25.Rc1 Rhd8 26.Nc4 Rd1 27.Rxd1 Rxd1 28.
Nd6+ Kc7 29.Rxf4 Bxg2 30.Kf2 Rxf1+ 31.Kxe3 Rxf4 32.Kxf4 Kc6 33.Ne8 Kxc5 
34.Nf6 h6 35.Ng4 h5 36.Nf6 h4 37.Kg4 h3 38.Kf4 b5 39.Ng4 a5 40.Ne3 b4 0-1

[Event "21st Panam-ch"]
[Site "Mar del Plata ARG"]
[Date "2012.10.13"]
[Round "2.70"]
[White "Salvatti, Diego"]
[Black "Figar, Nicolas"]
[Result "1-0"]
[WhiteElo "2112"]
[BlackElo "1802"]
[EventDate "2012.10.12"]
[PlyCount "107"]

1.Nf3 Nf6 2.b4 a5 3.b5 d6 4.Bb2 e5 5.a4 Nbd7 6.e3 g6 7.d4 e4 8.Nfd2 Bg7 9.
Be2 Qe7 10.c4 O-O 11.O-O b6 12.Nb3 Bb7 13.Qc2 Ne8 14.Nc3 f5 15.Nd5 Bxd5 
16.cxd5 Ndf6 17.Nd2 Bh6 18.g3 Ng7 19.Bc1 Rae8 20.Ra3 Ng4 21.h3 Nf6 22.Re1 
f4 23.exf4 Nf5 24.Qc4 e3 25.Nf1 exf2+ 26.Kxf2 Bg7 27.Bb2 Rf7 28.Raa1 Qd7 
29.Bf3 Rfe7 30.Bc3 Rxe1 31.Rxe1 Rxe1 32.Kxe1 Kf7 33.Qe2 Qe7 34.Qxe7+ Kxe7 
35.Kd2 Nh5 36.Bxh5 gxh5 37.Kd3 Bf6 38.Ke4 Ng7 39.Ne3 Kf7 40.Nc4 Kg6 41.Ne3
Be7 42.Be1 Ne8 43.g4 hxg4 44.hxg4 Nf6+ 45.Kf3 h5 46.g5 Ne8 47.Bh4 Ng7 48.
Ke4 Kf7 49.f5 Bf8 50.g6+ Kg8 51.f6 Be7 52.fxe7 Ne8 53.Nc4 Nf6+ 54.Bxf6 1-0

[Event "21st Panam-ch"]
[Site "Mar del Plata ARG"]
[Date "2012.10.13"]
[Round "2.71"]
[White "March, Diego"]
[Black "Vazquez Massaro, Maximiliano"]
[Result "0-1"]
[WhiteElo "1822"]
[BlackElo "2112"]
[EventDate "2012.10.12"]
[PlyCount "76"]

1.d4 Nf6 2.c4 e6 3.Nc3 Bb4 4.e3 c5 5.Ne2 cxd4 6.exd4 O-O 7.a3 Be7 8.Nf4 d5
9.cxd5 Nxd5 10.Nfxd5 exd5 11.Be2 Nc6 12.Bf3 Be6 13.O-O Rc8 14.Re1 Bf6 15.
Be3 Na5 16.Rc1 Nc4 17.Qe2 Qd7 18.Qc2 Rc6 19.Be2 Bf5 20.Qa4 Nxb2 21.Qb5 Nc4
22.Qxd5 Nxe3 23.Qxd7 Bxd7 24.fxe3 Rfc8 25.Na2 Rc2 26.Rxc2 Rxc2 27.Nb4 Rc3 
28.Bf3 Bh4 29.g3 Bg5 30.Kf2 b5 31.h4 Be7 32.Ra1 a5 33.Nd5 Rc2+ 34.Kg1 Bd6 
35.Nf4 h6 36.a4 b4 37.Bd1 Rd2 38.Kf1 g5 0-1

[Event "21st Panam-ch"]
[Site "Mar del Plata ARG"]
[Date "2012.10.13"]
[Round "2.72"]
[White "Baeta, Marcio Netto"]
[Black "Morales, Guillermo"]
[Result "1-0"]
[WhiteElo "2101"]
[BlackElo "1779"]
[EventDate "2012.10.12"]
[PlyCount "83"]

1.e4 d5 2.exd5 Qxd5 3.Nf3 c6 4.c4 Qd6 5.d4 Nf6 6.Be2 Bf5 7.Nc3 e6 8.Ne5 
Nbd7 9.g4 Bg6 10.Bf4 Nxe5 11.Bxe5 Qb4 12.Qd2 Nd7 13.Bc7 Nb6 14.b3 Be7 15.
h4 h6 16.c5 Nd5 17.Nxd5 Qxd2+ 18.Kxd2 exd5 19.Bd3 Bxd3 20.Kxd3 Kd7 21.Rae1
Rae8 22.Be5 f6 23.Bg3 Bd8 24.h5 Ba5 25.b4 Bd8 26.a4 a6 27.f3 Bc7 28.Bxc7 
Kxc7 29.Re3 Kd7 30.Rhe1 Rxe3+ 31.Rxe3 Re8 32.Rxe8 Kxe8 33.Ke3 Kf7 34.Kf4 
g6 35.hxg6+ Kxg6 36.a5 f5 37.gxf5+ Kf6 38.Kg4 h5+ 39.Kf4 h4 40.Kg4 h3 41.
Kxh3 Kxf5 42.Kg3 1-0

[Event "21st Panam-ch"]
[Site "Mar del Plata ARG"]
[Date "2012.10.13"]
[Round "2.73"]
[White "Oliveira, Francemir Barra de"]
[Black "Cervetto, Esteban"]
[Result "0-1"]
[WhiteElo "1799"]
[BlackElo "2100"]
[EventDate "2012.10.12"]
[PlyCount "48"]

1.e4 e5 2.d4 exd4 3.c3 d5 4.exd5 Qxd5 5.Nf3 Nc6 6.b3 Bg4 7.Bc4 Qe4+ 8.Be2 
O-O-O 9.Nbd2 Qe8 10.cxd4 Bb4 11.O-O Bc3 12.Rb1 Bf5 13.Rb2 Nxd4 14.Nxd4 
Rxd4 15.Re1 Qd7 16.Rc2 Bxc2 17.Qxc2 Bxd2 18.Bxd2 Rxd2 19.Bg4 Qxg4 20.Qxd2 
Nf6 21.h3 Qd7 22.Qb4 Rd8 23.Qc5 b6 24.Qg5 Qd2 0-1

[Event "21st Panam-ch"]
[Site "Mar del Plata ARG"]
[Date "2012.10.13"]
[Round "2.74"]
[White "Besso, Javier Alejandro"]
[Black "Fonseca, Luis Ernesto Serra"]
[Result "1-0"]
[WhiteElo "1751"]
[BlackElo "2096"]
[EventDate "2012.10.12"]
[PlyCount "139"]

1.d4 Nf6 2.c4 g6 3.Nc3 Bg7 4.e4 d6 5.f4 O-O 6.Nf3 c5 7.d5 e6 8.dxe6 fxe6 
9.Bd3 a6 10.O-O Nc6 11.h3 Nh5 12.Ne2 Bh6 13.g3 e5 14.f5 Bxc1 15.Rxc1 Nd4 
16.Nfxd4 cxd4 17.c5 gxf5 18.exf5 d5 19.Kh2 Ng7 20.g4 e4 21.Bb1 d3 22.Ng3 
Bd7 23.Qb3 d2 24.Qxd5+ Be6 25.Qxd8 Raxd8 26.Rcd1 Bc4 27.Rf4 Bd3 28.Bxd3 
exd3 29.Rxd2 Ne6 30.Rc4 Ng5 31.Kg2 Rfe8 32.h4 Nf7 33.Ne4 Ne5 34.Rb4 Kh8 
35.Nd6 Re7 36.f6 Rc7 37.Re4 Rxd6 38.Rxe5 Rxf6 39.Rxd3 Rcf7 40.Rd8+ Kg7 41.
Rg5+ Rg6 42.Rxg6+ hxg6 43.g5 a5 44.Ra8 Rd7 45.Rxa5 Rd2+ 46.Kf3 Rxb2 47.Ra7
Kf8 48.Ke4 Ke7 49.c6 Kd6 50.cxb7 Rb4+ 51.Kf3 Kc7 52.a4 Kb8 53.Ra6 Rxh4 54.
Rxg6 Kxb7 55.a5 Kc7 56.Re6 Kd7 57.Re4 Rh1 58.Kg4 Ra1 59.Re5 Kd6 60.Rf5 Ke7
61.Kh5 Ra2 62.Kg6 Ra1 63.Kg7 Ra2 64.g6 Ra1 65.Rf7+ Ke8 66.Ra7 Ra2 67.a6 
Ra1 68.Ra8+ Ke7 69.a7 Ra2 70.Rf8 1-0

[Event "21st Panam-ch"]
[Site "Mar del Plata ARG"]
[Date "2012.10.13"]
[Round "2.75"]
[White "Okamura, Milton Kasuo"]
[Black "Mendez, Nicolas"]
[Result "1-0"]
[WhiteElo "2092"]
[BlackElo "1744"]
[EventDate "2012.10.12"]
[PlyCount "61"]

1.d4 f5 2.Nf3 g6 3.g3 Bg7 4.Bg2 Nf6 5.O-O O-O 6.c4 c5 7.d5 Re8 8.Bf4 Qb6 
9.Qc2 e6 10.Nc3 exd5 11.cxd5 d6 12.Nd2 Qa6 13.Qd3 Qxd3 14.exd3 Rd8 15.Nc4 
Ne8 16.Nb5 Bf8 17.Rfe1 Kf7 18.Rxe8 Kxe8 19.Nc7+ Kd7 20.Nxa8 b5 21.Na5 Ba6 
22.b4 c4 23.dxc4 bxc4 24.a4 Bg7 25.Rc1 c3 26.b5 Rc8 27.Be3 c2 28.Nc6 Bb7 
29.Bxa7 Bxa8 30.Nxb8+ Ke8 31.Nc6 1-0

[Event "21st Panam-ch"]
[Site "Mar del Plata ARG"]
[Date "2012.10.13"]
[Round "2.77"]
[White "Crespo, Eugenio"]
[Black "Bigoria Escobedo, Luis"]
[Result "1-0"]
[WhiteElo "2076"]
[BlackElo "1716"]
[EventDate "2012.10.12"]
[PlyCount "57"]

1.e4 e6 2.d4 b6 3.Bd3 Be7 4.f4 Bb7 5.Nf3 Nf6 6.Nbd2 d5 7.e5 Ne4 8.O-O c5 
9.c3 c4 10.Bc2 O-O 11.Nxe4 dxe4 12.Nd2 e3 13.Nxc4 Ba6 14.Bd3 Nc6 15.Nxe3 
Bxd3 16.Qxd3 Qd7 17.Qe4 Rad8 18.f5 exf5 19.Nxf5 f6 20.Qxc6 Qxc6 21.Nxe7+ 
Kh8 22.Nxc6 Rc8 23.Nxa7 Rc7 24.Nb5 Re7 25.Bf4 Rd7 26.e6 Rd5 27.Nc7 Rf5 28.
e7 g6 29.exf8=Q# 1-0

[Event "21st Panam-ch"]
[Site "Mar del Plata ARG"]
[Date "2012.10.13"]
[Round "2.78"]
[White "Pirola, Marcos"]
[Black "Beron, Ricardo"]
[Result "1-0"]
[WhiteElo "2070"]
[BlackElo "1703"]
[EventDate "2012.10.12"]
[PlyCount "83"]

1.Nf3 Nf6 2.c4 g6 3.g3 Bg7 4.Bg2 O-O 5.O-O c5 6.Nc3 Nc6 7.d4 cxd4 8.Nxd4 
Nxd4 9.Qxd4 a6 10.e4 d6 11.Rd1 Ng4 12.Qd2 Bh6 13.Qe2 Bxc1 14.Raxc1 Qa5 15.
Nd5 Re8 16.b4 Qd8 17.c5 Nf6 18.Nxf6+ exf6 19.Rxd6 Qe7 20.Qb2 Qe5 21.Qxe5 
fxe5 22.Bf1 Be6 23.Bc4 Bxc4 24.Rxc4 Red8 25.Rd5 f6 26.Rc2 Kf7 27.Rcd2 Ke7 
28.Kf1 Rxd5 29.exd5 Kd7 30.Ke2 Rc8 31.Kd3 f5 32.Re2 Re8 33.a4 g5 34.b5 e4+
35.Kd4 axb5 36.axb5 b6 37.c6+ Kd6 38.f3 Re5 39.fxe4 fxe4 40.Ke3 Kxd5 41.c7
Re8 42.Rd2+ 1-0

[Event "21st Panam-ch"]
[Site "Mar del Plata ARG"]
[Date "2012.10.13"]
[Round "2.79"]
[White "Zalimben, Maria Luz"]
[Black "Lo Presti, Roberto"]
[Result "1-0"]
[WhiteElo "1714"]
[BlackElo "2065"]
[EventDate "2012.10.12"]
[PlyCount "79"]

1.d4 Nf6 2.c4 e6 3.Nc3 Bb4 4.Qc2 O-O 5.Nf3 b6 6.a3 Bxc3+ 7.Qxc3 Bb7 8.e3 
Ne4 9.Qc2 d6 10.Bd3 f5 11.O-O Nd7 12.b4 c5 13.Bb2 Qe8 14.Rad1 Qh5 15.Be2 
Qh6 16.dxc5 bxc5 17.Qa4 Ndf6 18.Qb3 Rf7 19.bxc5 Nxc5 20.Qc2 Nfe4 21.Nd4 e5
22.Nb5 Bc6 23.Bc1 a6 24.f3 axb5 25.cxb5 Bb7 26.fxe4 Bxe4 27.Qc4 Ra4 28.Qa2
d5 29.Rxd5 Bxd5 30.Qxd5 Ne6 31.Bc4 Rxc4 32.Qxc4 Rc7 33.Qd3 e4 34.Qb3 f4 
35.exf4 Kf8 36.Qb4+ Kg8 37.Qxe4 Rc8 38.Re1 Nc7 39.Qc4+ Kh8 40.Qxc7 1-0

[Event "21st Panam-ch"]
[Site "Mar del Plata ARG"]
[Date "2012.10.13"]
[Round "2.80"]
[White "Romero, Fabian"]
[Black "Prado, Hamilton Mesquita do"]
[Result "1-0"]
[WhiteElo "2058"]
[BlackElo "1669"]
[EventDate "2012.10.12"]
[PlyCount "50"]

1.d4 d5 2.Nf3 Nf6 3.Bf4 Bf5 4.h3 a6 5.e3 h6 6.c3 e6 7.Qb3 Ra7 8.Nbd2 c5 9.
c4 Nc6 10.Be2 dxc4 11.Nxc4 b5 12.Nce5 Nxe5 13.Nxe5 Qa5+ 14.Kf1 Ra8 15.g4 
Be4 16.f3 Bb7 17.Nc4 Qd8 18.dxc5 Bxc5 19.Rd1 Bd5 20.e4 bxc4 21.Qa4+ Qd7 
22.Qxd7+ Nxd7 23.exd5 e5 24.Bg3 Rg8 25.Rd2 Bd4 {ilegible} 1-0

[Event "21st Panam-ch"]
[Site "Mar del Plata ARG"]
[Date "2012.10.13"]
[Round "2.81"]
[White "Aguero Arce, Matias"]
[Black "Schuh, Astor Jose"]
[Result "0-1"]
[WhiteElo "1633"]
[BlackElo "2055"]
[EventDate "2012.10.12"]
[PlyCount "146"]

1.d4 d5 2.Nf3 Nf6 3.c4 c6 4.Nc3 g6 5.Bf4 Bg7 6.e3 O-O 7.Bd3 Nbd7 8.O-O Qa5
9.Qa4 Qxa4 10.Nxa4 dxc4 11.Be2 Nd5 12.Bg3 b5 13.Nc3 Nxc3 14.bxc3 Nb6 15.
Ne5 Bb7 16.Bf3 Rac8 17.Bg4 e6 18.Rfb1 Ba8 19.a4 Nxa4 20.Rxa4 bxa4 21.Ra1 
Bxe5 22.Bxe5 Rfd8 23.Rxa4 Rd7 24.Rxc4 Rb7 25.h3 f5 26.Bf3 Rb5 27.Ra4 a5 
28.c4 Rb1+ 29.Kh2 c5 30.Rxa5 Bxf3 31.gxf3 cxd4 32.exd4 Rxc4 33.Ra8+ Kf7 
34.Ra7+ Ke8 35.Ra8+ Kd7 36.Ra7+ Kd8 37.Rxh7 Rcc1 38.Rh8+ Kd7 39.Rh7+ Kc6 
40.Rc7+ Kd5 41.Rd7+ Kc4 42.Rd6 g5 43.Rc6+ Kd3 44.Rxc1 Rxc1 45.Bf6 Rf1 46.
Bxg5 Kxd4 47.Be3+ Ke5 48.f4+ Ke4 49.Kg2 Re1 50.h4 Rd1 51.h5 Rd7 52.Kh3 Rg7
53.Kh4 Rg4+ 54.Kh3 Kf3 55.Bd4 Kxf4 56.Be3+ Ke5 57.f3 Rc4 58.Bg5 Rc7 59.Kh4
Rf7 60.f4+ Ke4 61.h6 e5 62.fxe5 Kxe5 63.Kh5 f4 64.Kg6 Ke6 65.Bxf4 Rxf4 66.
h7 Rg4+ 67.Kh5 Rg2 68.Kh6 Kf7 69.h8=N+ Kf6 70.Kh7 Rg3 71.Ng6 Rxg6 72.Kh8 
Kf7 73.Kh7 Re6 0-1

[Event "21st Panam-ch"]
[Site "Mar del Plata ARG"]
[Date "2012.10.13"]
[Round "2.82"]
[White "Conde, Adrian"]
[Black "Desanzo, Juan Carlos"]
[Result "1-0"]
[WhiteElo "2053"]
[BlackElo "1604"]
[EventDate "2012.10.12"]
[PlyCount "35"]

1.e4 c5 2.c3 Nc6 3.d4 cxd4 4.cxd4 Nf6 5.Nc3 e5 6.d5 Nd4 7.Nf3 Nxf3+ 8.Qxf3
Qb6 9.Be2 Bb4 10.O-O Bxc3 11.bxc3 d6 12.Qg3 g6 13.Qh4 Ng8 14.Ba3 Qc7 15.
Rab1 b6 16.f4 Qe7 17.Qxe7+ Kxe7 18.fxe5 1-0

[Event "21st Panam-ch"]
[Site "Mar del Plata ARG"]
[Date "2012.10.13"]
[Round "2.83"]
[White "Sperb, Eduardo Quintana"]
[Black "Nicosia, Mariano"]
[Result "1-0"]
[WhiteElo "2040"]
[BlackElo "1562"]
[EventDate "2012.10.12"]
[PlyCount "47"]

1.d4 f5 2.g3 Nf6 3.Bg2 d5 4.Nh3 e6 5.O-O c6 6.b3 Be7 7.c4 O-O 8.Nd2 Nbd7 
9.Nf4 Ne4 10.Nxe4 fxe4 11.Nxe6 Qe8 12.Nc7 Qf7 13.Nxa8 Bd6 14.cxd5 Qxd5 15.
f3 exf3 16.Rxf3 Rxf3 17.Bxf3 Qf7 18.e4 Qg6 19.e5 Bb8 20.Be3 Qf7 21.Qe2 Qe6
22.Rf1 b6 23.Qc4 Qxc4 24.bxc4 1-0

[Event "21st Panam-ch"]
[Site "Mar del Plata ARG"]
[Date "2012.10.13"]
[Round "2.84"]
[White "Morelli, Nicolas"]
[Black "Farias, Sergio Luiz Cardoso"]
[Result "1-0"]
[WhiteElo "2036"]
[BlackElo "1524"]
[EventDate "2012.10.12"]
[PlyCount "87"]

1.e4 e5 2.Nf3 d6 3.Nc3 Bg4 4.h3 Bh5 5.g4 Bg6 6.d4 Nd7 7.Bc4 Be7 8.h4 h5 9.
g5 c6 10.a4 a5 11.Qe2 Qb6 12.O-O exd4 13.Nxd4 Ne5 14.Nf5 Bxf5 15.exf5 Qd4 
16.Bb3 Qxh4 17.f4 Qg4+ 18.Qg2 Qxg2+ 19.Kxg2 Nd7 20.Bd2 d5 21.Rfe1 O-O-O 
22.Ne2 b6 23.Nd4 Kc7 24.c3 Bd6 25.Bc2 Nc5 26.b4 axb4 27.cxb4 Na6 28.Rab1 
Ne7 29.Bd3 Nb8 30.g6 Rdf8 31.Kh1 Nd7 32.a5 Nc8 33.Rec1 Na7 34.axb6+ Kxb6 
35.Ra1 Nb8 36.f6 Rhg8 37.fxg7 Rxg7 38.Nf5 Rxg6 39.Be3+ d4 40.Bxd4+ Kc7 41.
Rxa7+ Kc8 42.Nxd6+ Rxd6 43.Bf5+ Nd7 44.Bxd7+ 1-0

[Event "21st Panam-ch"]
[Site "Mar del Plata ARG"]
[Date "2012.10.13"]
[Round "2.85"]
[White "Caceres Recalde, Gonzalo"]
[Black "Sanchez Sandoval, Gonzalo"]
[Result "0-1"]
[WhiteElo "1582"]
[BlackElo "2029"]
[EventDate "2012.10.12"]
[PlyCount "39"]

1.e4 c5 2.Nf3 d6 3.d4 cxd4 4.Nxd4 Nf6 5.Nc3 Nc6 6.Nf3 a6 7.Be2 e6 8.Bg5 
Be7 9.O-O Qc7 10.Qd2 O-O 11.Rad1 Re8 12.Qf4 b5 13.Rd3 b4 14.Na4 e5 15.Qe3 
Be6 16.Bxf6 Bxf6 17.Rfd1 Nd4 18.c3 Nxe2+ 19.Qxe2 b3 20.R1d2 0-1

[Event "21st Panam-ch"]
[Site "Mar del Plata ARG"]
[Date "2012.10.13"]
[Round "2.89"]
[White "Ezcurra, Mariano"]
[Black "Perez Wertheim, Rodolfo"]
[Result "1-0"]
[WhiteElo "1560"]
[BlackElo "2015"]
[EventDate "2012.10.12"]
[PlyCount "30"]

1.c4 Nf6 2.Nc3 e6 3.g3 d5 4.cxd5 exd5 5.Bg2 c6 6.e3 Bd6 7.Nge2 O-O 8.O-O 
Nbd7 9.d4 Re8 10.Bd2 Nf8 11.Re1 Bf5 12.Rc1 Ng6 13.a3 h5 14.h4 Ng4 15.Nf4 
Nxh4 1-0

[Event "21st Panam-ch"]
[Site "Mar del Plata ARG"]
[Date "2012.10.14"]
[Round "3.1"]
[White "Bruzon Batista, Lazaro"]
[Black "Soppe, Guillermo"]
[Result "1-0"]
[WhiteElo "2717"]
[BlackElo "2417"]
[EventDate "2012.10.12"]
[PlyCount "61"]

1.e4 Nf6 2.e5 Nd5 3.d4 d6 4.Nf3 g6 5.Bc4 c6 6.O-O Bg7 7.h3 O-O 8.Bb3 dxe5 
9.dxe5 Na6 10.c3 Bf5 11.Qd4 f6 12.Re1 Kh8 13.Na3 Nb6 14.Qh4 Nc5 15.Bh6 
Nxb3 16.axb3 Qc7 17.Re2 Rad8 18.Rae1 Nc8 19.Bxg7+ Kxg7 20.Nd4 fxe5 21.Rxe5
Qd6 22.g4 c5 23.Ndb5 Qf6 24.Qxf6+ exf6 25.Rxc5 Bd3 26.Nd4 Kg8 27.Ne6 Rfe8 
28.Re3 b6 29.Nxd8 Rxe3 30.Rxc8 Re1+ 31.Kg2 1-0

[Event "21st Panam-ch"]
[Site "Mar del Plata ARG"]
[Date "2012.10.14"]
[Round "3.4"]
[White "Zuluaga Mancilla, Cesar"]
[Black "Leitao, Rafael"]
[Result "0-1"]
[WhiteElo "2394"]
[BlackElo "2617"]
[EventDate "2012.10.12"]
[PlyCount "104"]

1.d4 Nf6 2.Nf3 e6 3.Bf4 b6 4.e3 Bb7 5.h3 Be7 6.Nbd2 O-O 7.Bd3 c5 8.c3 Nc6 
9.O-O d5 10.Ne5 Nxe5 11.Bxe5 c4 12.Bc2 b5 13.Re1 Ne4 14.Nxe4 dxe4 15.Qb1 
f6 16.Bh2 f5 17.a4 a6 18.b4 Bd6 19.Bxd6 Qxd6 20.axb5 axb5 21.Qb2 Rxa1 22.
Rxa1 f4 23.Qc1 f3 24.g3 e5 25.Ra7 Qb6 26.Qa1 exd4 27.cxd4 Rc8 28.d5 c3 29.
d6 Bd5 30.Qa6 Qxa6 31.Rxa6 Kf7 32.d7 Rd8 33.Rd6 Ba8 34.Ra6 Bd5 35.Ra3 Rxd7
36.Rxc3 Ra7 37.Rc5 Ra1+ 38.Kh2 Rf1 39.Rxd5 Rxf2+ 40.Kh1 Rxc2 41.Rxb5 Re2 
42.Kg1 Rxe3 43.Kf1 Rb3 44.g4 Ke6 45.Kf2 Rb2+ 46.Ke3 Re2+ 47.Kd4 f2 48.Rf5 
e3 49.b5 Re1 50.b6 f1=Q 51.b7 Rd1+ 52.Kc5 Rc1+ 0-1

[Event "21st Panam-ch"]
[Site "Mar del Plata ARG"]
[Date "2012.10.14"]
[Round "3.6"]
[White "Lujan, Carolina"]
[Black "Bacallao Alonso, Yusnel"]
[Result "0-1"]
[WhiteElo "2379"]
[BlackElo "2580"]
[EventDate "2012.10.12"]
[PlyCount "142"]

1.e4 e5 2.Nf3 d6 3.d4 exd4 4.Nxd4 Nf6 5.Nc3 Be7 6.Bf4 O-O 7.Qd2 Nc6 8.
O-O-O Nxd4 9.Qxd4 a6 10.e5 dxe5 11.Qxd8 Bxd8 12.Bxe5 Re8 13.f3 b5 14.Bg3 
Bb7 15.Bd3 c5 16.Rhe1 Ba5 17.Rxe8+ Rxe8 18.Bh4 c4 19.Bf5 Re5 20.Bxf6 gxf6 
21.Be4 Bc8 22.Rd5 h5 23.Rxe5 fxe5 24.Nd5 Bd8 25.f4 exf4 26.Nxf4 h4 27.c3 
Kg7 28.Kd2 Kf6 29.Ke3 Ke5 30.Ba8 Bg4 31.g3 Bb6+ 32.Kd2 Bg1 33.Ne2 Bxh2 34.
gxh4 f5 35.Bb7 a5 36.Ba6 Kd5 37.Bxb5 Be5 38.Ke3 Bf6 39.Nf4+ Kc5 40.Ba6 
Bxh4 41.Ne6+ Kd5 42.Nf4+ Kd6 43.Ng2 Bg5+ 44.Kf2 f4 45.Bxc4 f3 46.Ne3 Bh4+ 
47.Kg1 Bd7 48.a4 Ke5 49.Bb5 Be6 50.b4 Kf4 51.Nf1 axb4 52.cxb4 Be1 53.a5 
Bd5 54.Kh2 Bxb4 55.a6 Bd6 56.Kg1 Bc5+ 57.Kh2 Kg4 58.Nd2 f2 59.Be2+ Kh4 60.
Bf3 f1=Q 61.Nxf1 Bxf3 62.Nd2 Bd5 63.a7 Bxa7 64.Nf1 Be6 65.Nd2 Be3 66.Nf3+ 
Kg4 67.Ne5+ Kf4 68.Nc6 Bc5 69.Nb8 Ke5 70.Nc6+ Kd6 71.Nd8 Bd5 0-1

[Event "21st Panam-ch"]
[Site "Mar del Plata ARG"]
[Date "2012.10.14"]
[Round "3.7"]
[White "Felgaer, Ruben"]
[Black "Julia, Ernesto"]
[Result "0-1"]
[WhiteElo "2579"]
[BlackElo "2370"]
[EventDate "2012.10.12"]
[PlyCount "110"]

1.e4 e5 2.Nf3 Nc6 3.Bb5 a6 4.Ba4 Nf6 5.O-O Be7 6.Re1 b5 7.Bb3 d6 8.c3 O-O 
9.d4 Bg4 10.Be3 Re8 11.h3 Bh5 12.Nbd2 Bf8 13.g4 Bg6 14.Bg5 Na5 15.Bc2 h6 
16.Bh4 h5 17.b4 Nc6 18.d5 Nb8 19.a4 hxg4 20.hxg4 Nbd7 21.Nh2 Qc8 22.c4 c6 
23.axb5 axb5 24.Rxa8 Qxa8 25.dxc6 Qxc6 26.cxb5 Qc3 27.Re3 Qxb4 28.Rb3 Qc5 
29.Nhf1 Rb8 30.Bd3 Qd4 31.Bxf6 Nxf6 32.Ne3 Nd7 33.Nc2 Qb6 34.Nc4 Qc5 35.
N4e3 Qc8 36.Nb4 Nc5 37.Nc6 Nxb3 38.Qxb3 Rb7 39.Qd5 Be7 40.f3 Bg5 41.Nc4 
Qa8 42.Bf1 Qa2 43.Nb4 Qa7+ 44.Kg2 Bf4 45.Qc6 Rb8 46.Na6 Rf8 47.Qxd6 Rc8 
48.Bd3 Kh7 49.Nb6 Rc1 50.Qd8 f6 51.Qb8 Qe7 52.Nd5 Qa3 53.Nxf4 exf4 54.Qxf4
Qb2+ 55.Kh3 Rh1+ 0-1

[Event "21st Panam-ch"]
[Site "Mar del Plata ARG"]
[Date "2012.10.14"]
[Round "3.8"]
[White "Gemy, Jose Daniel"]
[Black "Ortiz Suarez, Isan Reynaldo"]
[Result "0-1"]
[WhiteElo "2333"]
[BlackElo "2579"]
[EventDate "2012.10.12"]
[PlyCount "70"]

1.Nf3 c5 2.c4 Nc6 3.Nc3 g6 4.g3 Bg7 5.Bg2 d6 6.O-O e6 7.e3 Nge7 8.d4 O-O 
9.a3 b6 10.Re1 Bb7 11.Rb1 Rc8 12.b3 Na5 13.Bb2 cxd4 14.exd4 d5 15.c5 Nf5 
16.g4 Nh4 17.Nxh4 Qxh4 18.Nb5 Ba6 19.Nxa7 Ra8 20.cxb6 Qd8 21.b4 Nc4 22.Nc6
Qxb6 23.Ne5 Nxb2 24.Rxb2 Bb5 25.Re3 Rfc8 26.h4 Rc7 27.Kh2 Rac8 28.Qd2 f6 
29.Nf3 Qd6+ 30.Kg1 e5 31.dxe5 fxe5 32.Ng5 e4 33.Rb1 Rc2 34.Nxe4 Qe5 35.f4 
Qd4 0-1

[Event "21st Panam-ch"]
[Site "Mar del Plata ARG"]
[Date "2012.10.14"]
[Round "3.10"]
[White "Hernandez Guerrero, Gilberto"]
[Black "Kanefsck, Gustavo"]
[Result "1/2-1/2"]
[WhiteElo "2531"]
[BlackElo "2358"]
[EventDate "2012.10.12"]
[PlyCount "53"]

1.e4 c6 2.d4 d5 3.Nd2 dxe4 4.Nxe4 Bf5 5.Nc5 Qb6 6.Nf3 e6 7.Nd3 Nf6 8.Be2 
Be7 9.O-O Nbd7 10.c4 O-O 11.c5 Qd8 12.Bf4 Qc8 13.Qb3 Rd8 14.Rfd1 Be4 15.h3
Nf8 16.Nde5 Ng6 17.Bh2 Bd5 18.Qc2 Nxe5 19.Nxe5 g6 20.b4 Nd7 21.Nc4 Bxc4 
22.Qxc4 a6 23.a4 Nf6 24.Bf3 Nd5 25.b5 axb5 26.axb5 Bf6 27.bxc6 1/2-1/2

[Event "21st Panam-ch"]
[Site "Mar del Plata ARG"]
[Date "2012.10.14"]
[Round "3.12"]
[White "Sabas, Jorge"]
[Black "Ricardi, Pablo"]
[Result "1/2-1/2"]
[WhiteElo "2274"]
[BlackElo "2505"]
[EventDate "2012.10.12"]
[PlyCount "74"]

1.d4 Nf6 2.c4 g6 3.Nc3 d5 4.cxd5 Nxd5 5.Bd2 Nb6 6.Bg5 Bg7 7.e3 O-O 8.Nf3 
Nc6 9.Be2 h6 10.Bf4 Be6 11.h3 Nd5 12.Bh2 Nxc3 13.bxc3 Na5 14.O-O c5 15.Ne5
Rc8 16.Bg4 Bxg4 17.Qxg4 cxd4 18.cxd4 Nc4 19.Nxc4 Rxc4 20.Rfc1 b5 21.Rxc4 
bxc4 22.Rc1 Qd5 23.Bg3 e6 24.Qd1 Rc8 25.Qa4 a5 26.f3 e5 27.e4 Qxd4+ 28.Bf2
Qd3 29.Qb5 h5 30.Qa6 Rb8 31.Rxc4 Rb1+ 32.Kh2 Kh7 33.Rc6 Qd2 34.Qa7 Qxa2 
35.Rc7 Kg8 36.Rc8+ Kh7 37.Rc7 Kg8 1/2-1/2

[Event "21st Panam-ch"]
[Site "Mar del Plata ARG"]
[Date "2012.10.14"]
[Round "3.13"]
[White "Mekhitarian, Krikor Sevag"]
[Black "Fabian, Gaston"]
[Result "1-0"]
[WhiteElo "2503"]
[BlackElo "2344"]
[EventDate "2012.10.12"]
[PlyCount "57"]

1.e4 e5 2.Nf3 Nc6 3.Bb5 Nf6 4.O-O Nxe4 5.d4 Nd6 6.Bxc6 dxc6 7.dxe5 Nf5 8.
Qxd8+ Kxd8 9.Rd1+ Ke8 10.Nc3 Be6 11.Ng5 Bc8 12.b3 b6 13.Nge4 Be7 14.Bb2 
Be6 15.Ne2 Rd8 16.Nf4 Bc8 17.Nh5 Rxd1+ 18.Rxd1 Rg8 19.Re1 Be6 20.f4 Bd5 
21.g4 Bxe4 22.Rxe4 Bc5+ 23.Kg2 Ne3+ 24.Kf3 Nd5 25.c4 g6 26.Ng3 Nb4 27.Re2 
Be7 28.Ne4 Nd3 29.Nf6+ 1-0

[Event "21st Panam-ch"]
[Site "Mar del Plata ARG"]
[Date "2012.10.14"]
[Round "3.14"]
[White "Valerga, Diego"]
[Black "Abdalla, Luiz Guilherme Aurelli"]
[Result "1-0"]
[WhiteElo "2485"]
[BlackElo "2316"]
[EventDate "2012.10.12"]
[PlyCount "53"]

1.d4 d5 2.c4 e6 3.Nf3 c6 4.Qc2 Nf6 5.Bg5 Qa5+ 6.Bd2 Bb4 7.e3 Bxd2+ 8.Nbxd2
Nbd7 9.Be2 O-O 10.O-O Re8 11.Rfe1 Qc7 12.Rac1 h6 13.cxd5 exd5 14.b4 a6 15.
a4 Qb6 16.b5 axb5 17.axb5 cxb5 18.Qb3 Ra5 19.Rb1 Ne4 20.Nxe4 dxe4 21.Nd2 
Ra7 22.Bxb5 Qd8 23.Rec1 Ra8 24.Qc2 Qe7 25.Qc7 Ra2 26.Nc4 Nf6 27.Nd6 1-0

[Event "21st Panam-ch"]
[Site "Mar del Plata ARG"]
[Date "2012.10.14"]
[Round "3.15"]
[White "Hungaski, Robert"]
[Black "Pichot, Alan"]
[Result "1-0"]
[WhiteElo "2451"]
[BlackElo "2300"]
[EventDate "2012.10.12"]
[PlyCount "79"]

1.d4 Nf6 2.c4 g6 3.Nc3 Bg7 4.e4 d6 5.Nf3 O-O 6.h3 e5 7.d5 a5 8.Bg5 Na6 9.
g4 Nc5 10.Nd2 h6 11.Be3 Ne8 12.h4 f5 13.gxf5 gxf5 14.Qe2 Nf6 15.Bxc5 dxc5 
16.Bh3 c6 17.O-O-O cxd5 18.cxd5 b5 19.Qxb5 fxe4 20.Qc6 Bxh3 21.Rxh3 Rb8 
22.a3 e3 23.fxe3 Rb6 24.Qa4 e4 25.Nc4 Rb7 26.Rg3 Nh5 27.Rg2 Kh8 28.Qc6 Rc7
29.Qb6 Qc8 30.Qg6 Qh3 31.d6 Rd7 32.Qg4 Qf3 33.Nxe4 Qf7 34.Nxc5 Nf6 35.Qe6 
Rc8 36.Qxf7 Rxf7 37.b4 axb4 38.axb4 Nd7 39.Rc2 Ra8 40.Na5 1-0

[Event "21st Panam-ch"]
[Site "Mar del Plata ARG"]
[Date "2012.10.14"]
[Round "3.16"]
[White "Tristan, Leonardo"]
[Black "Gascon Del Nogal, Jose Rafael"]
[Result "1-0"]
[WhiteElo "2442"]
[BlackElo "2206"]
[EventDate "2012.10.12"]
[PlyCount "83"]

1.d4 d5 2.c4 c6 3.cxd5 cxd5 4.Nc3 Nf6 5.Bf4 a6 6.e3 Nc6 7.Rc1 Bf5 8.Nf3 e6
9.Qb3 Bd6 10.Ne5 O-O 11.Be2 Bxe5 12.dxe5 Nd7 13.Qxb7 Ncxe5 14.Qb4 Nd3+ 15.
Bxd3 Bxd3 16.Qd4 Bb5 17.Bd6 Re8 18.Nxb5 axb5 19.a3 Rc8 20.O-O Rc4 21.Rxc4 
bxc4 22.e4 Qb6 23.Qxb6 Nxb6 24.e5 Na4 25.Rb1 Rc8 26.Kf1 h5 27.Ke2 c3 28.b3
Nb2 29.Ke3 c2 30.Rc1 Nd1+ 31.Kd2 Nxf2 32.Rxc2 Ne4+ 33.Kd3 Nxd6 34.exd6 Rd8
35.b4 Kf8 36.b5 Ke8 37.a4 Ra8 38.Rc7 Rxa4 39.b6 e5 40.Re7+ Kf8 41.Rxe5 Ra8
42.d7 1-0